[Event "Olomouc 2010 - IM2 Ceska pojistovna Cup"]
[Site "Olomouc (CZE), Hotel Sigma"]
[Date "2010.08.10"]
[Round "7"]
[White "Van Den Dikkenberg, Erik"]
[Black "Plischki, Sebastian"]
[Result "1/2-1/2"]
[WhiteElo "2139"]
[BlackElo "2374"]
[PlyCount "110"]
[EventDate "2010.08.04"]

1. e4 c5 2. Nc3 d6 3. f4 g6 4. Nf3 Bg7 5. Bb5+ Bd7 6. Bc4 Nc6 7. d3 Nf6 8. O-O
O-O 9. Qe1 Nd4 10. Nxd4 cxd4 11. Ne2 Qb6 12. h3 Rac8 13. Bb3 Be6 14. Bxe6 fxe6
15. Qd1 Qc5 16. Kh1 Nd7 17. c4 dxc3 18. bxc3 Bxc3 19. Nxc3 Qxc3 20. Be3 Nc5 21.
Qg4 Qxd3 22. Bxc5 Rxc5 23. Qxe6+ Rf7 24. Rac1 Kg7 25. Rce1 b5 26. e5 dxe5 27.
Rf3 Qf5 28. Qa6 exf4 29. Qxa7 e6 30. Qb6 Rc2 31. Rxe6 Kh6 32. Re1 Rxa2 33. Ref1
Qg5 34. R1f2 Rxf2 35. Rxf2 Rd7 36. Rf3 Rd1+ 37. Kh2 Rd2 38. Qg1 Rb2 39. Qf1 b4
40. Kh1 b3 41. h4 Qe5 42. Qc4 Rb1+ 43. Kh2 b2 44. Qb4 Rc1 45. Qf8+ Kh5 46. Rxf4
Rc2 47. Kh3 Rxg2 48. Qf7 h6 49. Qb7 Qxf4 50. Kxg2 Qg4+ 51. Kh2 Qe2+ 52. Kh3
Qf1+ 53. Kh2 b1=Q 54. Qf3+ Kxh4 55. Qg4+ Kxg4 1/2-1/2

[Event "Olomouc 2010 - IM2 Ceska pojistovna Cup"]
[Site "Olomouc (CZE), Hotel Sigma"]
[Date "2010.08.11"]
[Round "8"]
[White "Butkiewicz, Lukasz"]
[Black "Musaev, Rasul"]
[Result "1-0"]
[WhiteElo "2375"]
[BlackElo "2181"]
[PlyCount "79"]
[EventDate "2010.08.04"]

1. Nc3 d6 2. e4 g6 3. d4 Bg7 4. f4 a6 5. Nf3 b5 6. Bd3 Bg4 7. e5 e6 8. h3 Bxf3
9. Qxf3 Nd7 10. O-O Ne7 11. Be3 O-O 12. Ne4 d5 13. Nd2 f6 14. Qe2 fxe5 15. fxe5
Nf5 16. Bxf5 gxf5 17. Nb3 Kh8 18. Nc1 c5 19. c3 Qe7 20. Nd3 cxd4 21. cxd4 Rac8
22. Rac1 Rg8 23. Nf4 Qf7 24. Kh1 Nb6 25. b3 Rxc1 26. Rxc1 Qd7 27. Qh5 Rc8 28.
Rc5 Kg8 29. Qg5 Kf7 30. Nh5 Rg8 31. Nxg7 Rxg7 32. Qf6+ Ke8 33. Bh6 Rg8 34. Rc7
Qxc7 35. Qxe6+ Qe7 36. Qxg8+ Kd7 37. Bg5 Qe6 38. Qxh7+ Kc6 39. h4 Nd7 40. Qh6
1-0

[Event "Olomouc 2010 - IM2 Ceska pojistovna Cup"]
[Site "Olomouc (CZE), Hotel Sigma"]
[Date "2010.08.11"]
[Round "8"]
[White "Gasik, Anna"]
[Black "Van Den Dikkenberg, Erik"]
[Result "1-0"]
[WhiteElo "2168"]
[BlackElo "2139"]
[PlyCount "99"]
[EventDate "2010.08.04"]

1. e4 c6 2. d4 d5 3. Nd2 dxe4 4. Nxe4 Bf5 5. Ng3 Bg6 6. Nf3 Nd7 7. h4 h6 8. h5
Bh7 9. Bd3 Bxd3 10. Qxd3 e6 11. Bf4 Qa5+ 12. Bd2 Bb4 13. c3 Be7 14. c4 Bb4 15.
Ne4 Ngf6 16. Nd6+ Ke7 17. c5 Rab8 18. a3 Bxd2+ 19. Nxd2 b6 20. b4 Qa4 21. N2c4
Qa6 22. Nxf7 Rhf8 23. Nfd6 bxc5 24. bxc5 Qa4 25. Qg6 Kd8 26. O-O Kc7 27. Rab1
Rxb1 28. Rxb1 Rb8 29. Kh2 Rxb1 30. Qxb1 Kd8 31. Ne5 Nxe5 32. dxe5 Qf4+ 33. Kg1
Nd7 34. g3 Qf3 35. Qb7 Qxh5 36. Qxc6 Qd1+ 37. Kh2 Qh5+ 38. Kg2 Nxe5 39. Qe4 Ke7
40. Nc8+ Kf8 41. c6 Ng4 42. Qf4+ Ke8 43. c7 Qh2+ 44. Kf3 h5 45. Nd6+ Ke7 46.
Qd2 Qh1+ 47. Kf4 Qa1 48. Nf5+ Kf6 49. Qd8+ Kg6 50. Qg5+ 1-0

[Event "Olomouc 2010 - IM2 Ceska pojistovna Cup"]
[Site "Olomouc (CZE), Hotel Sigma"]
[Date "2010.08.11"]
[Round "8"]
[White "Plischki, Sebastian"]
[Black "Havlikova, Kristyna"]
[Result "1/2-1/2"]
[WhiteElo "2374"]
[BlackElo "2299"]
[PlyCount "96"]
[EventDate "2010.08.04"]

1. d4 Nf6 2. c4 g6 3. Nc3 d5 4. Bf4 Bg7 5. e3 c6 6. Nf3 O-O 7. h3 Nbd7 8. cxd5
Nxd5 9. Nxd5 cxd5 10. Bd3 Qb6 11. Qb3 Qxb3 12. axb3 f6 13. Bb5 a6 14. Bc7 Nb8
15. O-O Bd7 16. Bxd7 Nxd7 17. Rfc1 Rfc8 18. Rc3 Nb8 19. Bxb8 Raxb8 20. Rac1
Rxc3 21. Rxc3 Kf7 22. b4 Ke6 23. g4 Kd7 24. b5 axb5 25. Rc5 Kd6 26. Rxb5 b6 27.
Rb3 Kc6 28. Ra3 Kb7 29. Kf1 Rc8 30. Rc3 Rxc3 31. bxc3 Kc6 32. Ke2 e5 33. Nd2
Kb5 34. Kd3 e4+ 35. Kc2 f5 36. gxf5 gxf5 37. Nf1 Bh6 38. Ng3 f4 39. Nf5 fxe3
40. fxe3 Bf8 41. Kb3 Kc6 42. Kc2 b5 43. Kd2 Kd7 44. Nh4 Bd6 45. Ng2 Kc6 46. Kc2
Kb6 47. Nh4 Ka5 48. Kb3 Kb6 1/2-1/2

[Event "Olomouc 2010 - IM2 Ceska pojistovna Cup"]
[Site "Olomouc (CZE), Hotel Sigma"]
[Date "2010.08.11"]
[Round "8"]
[White "Volodin, Viktor"]
[Black "Drozdowski, Kacper"]
[Result "0-1"]
[WhiteElo "2222"]
[BlackElo "2223"]
[PlyCount "94"]
[EventDate "2010.08.04"]

1. Nf3 c5 2. c4 Nc6 3. d4 cxd4 4. Nxd4 g6 5. e4 Nf6 6. Nc3 Nxd4 7. Qxd4 d6 8.
Be2 Bg7 9. Bg5 O-O 10. Qd2 a5 11. O-O a4 12. f3 Be6 13. Rac1 Qa5 14. Nd5 Qxd2
15. Bxd2 Bxd5 16. cxd5 Nd7 17. Rc7 Nc5 18. Rxe7 Bf6 19. Rc7 Bd8 20. Rxc5 Bb6
21. Be3 Bxc5 22. Bxc5 dxc5 23. e5 Ra5 24. Rc1 c4 25. Bxc4 Rc5 26. d6 Kg7 27.
Rc3 Rxe5 28. Rd3 Rd8 29. Rd2 Rc5 30. Be2 Rd7 31. Bd1 a3 32. bxa3 Rc6 33. Rb2
Rcxd6 34. Ba4 Rd2 35. Rxd2 Rxd2 36. Bb3 f5 37. a4 b6 38. f4 Kf6 39. h3 h6 40.
Kh2 g5 41. fxg5+ hxg5 42. Kg3 Ke5 43. Kf3 Rd3+ 44. Ke2 Rc3 45. Kf2 Kf4 46. Bd5
Rc2+ 47. Ke1 Ke3 0-1

[Event "Olomouc 2010 - IM2 Ceska pojistovna Cup"]
[Site "Olomouc (CZE), Hotel Sigma"]
[Date "2010.08.12"]
[Round "9"]
[White "Bures, Jaroslav"]
[Black "Plischki, Sebastian"]
[Result "1/2-1/2"]
[WhiteElo "2332"]
[BlackElo "2374"]
[PlyCount "104"]
[EventDate "2010.08.04"]

1. e4 c5 2. Nf3 d6 3. d4 cxd4 4. Nxd4 Nf6 5. Nc3 a6 6. Be2 Nbd7 7. g4 h6 8. f4
g6 9. f5 Ne5 10. Bf4 Bg7 11. Qd2 g5 12. Bxe5 dxe5 13. Nb3 Qxd2+ 14. Kxd2 e6 15.
Na5 b5 16. b4 h5 17. h3 Bf8 18. a3 Ra7 19. Rae1 Bd6 20. Bf3 Bc7 21. Nc6 Rb7 22.
fxe6 fxe6 23. gxh5 Bd7 24. Na5 Bxa5 25. bxa5 Bc6 26. Reg1 Rg7 27. Ke3 Ke7 28.
Na2 Be8 29. Nb4 Bxh5 30. Rd1 Rc8 31. Bxh5 Nxh5 32. Nxa6 Rxc2 33. Nb4 Rc4 34.
Rc1 Nf4 35. a6 Kd6 36. Rhd1+ Kc5 37. Rd8 Rxc1 38. Rc8+ Kb6 39. Rxc1 Rc7 40.
Rxc7 Kxc7 41. a7 Kb7 42. Nc6 Nxh3 43. Kf3 Nf4 44. Kg4 Ne2 45. Kxg5 Nc3 46. Kf6
Nxe4+ 47. Kxe5 Nd2 48. Kxe6 Nc4 49. Kd5 Nxa3 50. Kc5 Nc4 51. Kxb5 Ne5 52. Nxe5
Kxa7 1/2-1/2

[Event "Olomouc 2010 - IM2 Ceska pojistovna Cup"]
[Site "Olomouc (CZE), Hotel Sigma"]
[Date "2010.08.12"]
[Round "9"]
[White "Van Den Dikkenberg, Erik"]
[Black "Butkiewicz, Lukasz"]
[Result "0-1"]
[WhiteElo "2139"]
[BlackElo "2375"]
[PlyCount "28"]
[EventDate "2010.08.04"]

1. e4 c5 2. Nc3 a6 3. a4 Nc6 4. f4 e6 5. Nf3 d6 6. d3 g6 7. g3 Bg7 8. Bg2 Nge7
9. O-O O-O 10. Be3 Nd4 11. Qd2 Rb8 12. Nd1 b5 13. axb5 axb5 14. c3 Nb3 0-1

[Event "Olomouc 2010 - IM3 Ave-Kontakt Cup"]
[Site "Olomouc (CZE), Hotel Sigma"]
[Date "2010.08.05"]
[Round "2"]
[White "Brodowski, Piotr"]
[Black "Yanjindulam, Dulamsuren"]
[Result "1-0"]
[WhiteElo "2421"]
[BlackElo "2224"]
[PlyCount "74"]
[EventDate "2010.08.04"]

1. b3 Nf6 2. c4 g6 3. Nc3 Bg7 4. g3 O-O 5. Bg2 d6 6. e4 Nc6 7. Nge2 e5 8. O-O
Nh5 9. Bb2 Be6 10. Nd5 Nd4 11. Nxd4 exd4 12. f4 c6 13. Nb4 Qb6 14. Nd3 f5 15.
e5 dxe5 16. fxe5 c5 17. Bf3 Bf7 18. Qe2 Rfe8 19. Rae1 Rac8 20. Qg2 Rc7 21. Bd5
Be6 22. h3 Bf8 23. g4 fxg4 24. hxg4 Ng7 25. Nf4 Rf7 26. Bxe6 Nxe6 27. Nd5 Qc6
28. Nf6+ Rxf6 29. exf6 Qxg2+ 30. Kxg2 Nf4+ 31. Kf3 Rxe1 32. Rxe1 Nd3 33. Rf1
Nxb2 34. Ke4 Bh6 35. Rh1 Bxd2 36. Rh2 Bc3 37. Rf2 Be1 1-0

[Event "Olomouc 2010 - IM3 Ave-Kontakt Cup"]
[Site "Olomouc (CZE), Hotel Sigma"]
[Date "2010.08.05"]
[Round "2"]
[White "Chernyshova, Natalia"]
[Black "Vrana, Jan"]
[Result "0-1"]
[WhiteElo "2019"]
[BlackElo "2346"]
[PlyCount "96"]
[EventDate "2010.08.04"]

1. e4 e5 2. Nf3 Nf6 3. Nxe5 d6 4. Nf3 Nxe4 5. c4 Nc6 6. Nc3 Nxc3 7. dxc3 Be7 8.
Be2 O-O 9. O-O Bf6 10. Be3 Bg4 11. Qd2 Re8 12. Rfe1 Qd7 13. Rad1 Rad8 14. b3 h6
15. Nd4 Bxd4 16. Bxg4 Qxg4 17. Bxd4 Re6 18. f3 Qf5 19. Bf2 Rde8 20. Bg3 a6 21.
Kf1 Qa5 22. Rxe6 Rxe6 23. Re1 Ne7 24. Rxe6 fxe6 25. b4 Qb6 26. c5 dxc5 27. Qd8+
Kf7 28. Bxc7 Qb5+ 29. Ke1 cxb4 30. Bd6 Nf5 31. Bxb4 Qe5+ 32. Kd2 Qxh2 33. Qd7+
Kf6 34. Qxb7 Qxg2+ 35. Kc1 Qxa2 36. Qe4 Qd5 37. Qg4 g5 38. Qh5 a5 39. Bf8 Qd3
40. Kb2 Qd2+ 41. Kb3 a4+ 42. Kxa4 Qxc3 43. Bxh6 Qc4+ 44. Ka3 Qh4 45. Bxg5+ Qxg5
46. Qh8+ Ke7 47. Qa8 Qe3+ 48. Kb2 Nd4 0-1

[Event "Olomouc 2010 - IM3 Ave-Kontakt Cup"]
[Site "Olomouc (CZE), Hotel Sigma"]
[Date "2010.08.05"]
[Round "2"]
[White "Chetverik, Maxim"]
[Black "Matuszewski, Michal"]
[Result "1/2-1/2"]
[WhiteElo "2330"]
[BlackElo "2317"]
[PlyCount "134"]
[EventDate "2010.08.04"]

1. d4 d5 2. c4 e6 3. Nc3 c6 4. e3 Bd6 5. Bd3 Nd7 6. e4 dxc4 7. Bxc4 b5 8. Bb3
Bb7 9. e5 Bc7 10. Qg4 Ne7 11. Nf3 Nf5 12. Bg5 Qb8 13. O-O c5 14. Nxb5 cxd4 15.
Nbxd4 Bxf3 16. Nxf3 O-O 17. Bd5 exd5 18. Qxf5 Nxe5 19. Nd4 Qxb2 20. Rfd1 Ng6
21. Qxd5 Bb6 22. Rab1 Qa3 23. Nb5 Qa4 24. Nd6 Nf4 25. Qf3 Ng6 26. Qd5 Rab8 27.
Qc4 Qd7 28. Ne4 Qf5 29. Rb2 h6 30. Bc1 Ne5 31. Qe2 Rfd8 32. Rxd8+ Rxd8 33. Rd2
Re8 34. h3 Nd7 35. Ng3 Rxe2 36. Nxf5 Bxf2+ 37. Kf1 Rxd2 38. Bxd2 Bc5 39. Ke2 h5
40. Kd3 g6 41. Nd4 Ne5+ 42. Ke4 Nc4 43. Bg5 Nb6 44. Nc6 a6 45. Ne7+ Kg7 46. Nd5
Nd7 47. Nc7 a5 48. Kd5 Bb4 49. Kc6 Ne5+ 50. Kb5 Nd3 51. Nd5 Be1 52. Bf6+ Kf8
53. Bc3 Bxc3 54. Nxc3 Nf4 55. Kxa5 Ke7 56. Kb6 Nxg2 57. a4 Ne3 58. Kc5 Kd7 59.
a5 Kc7 60. Nb5+ Kb8 61. Kd4 Nf5+ 62. Ke5 Kb7 63. Kf6 Ka6 64. Kxf7 Kxb5 65. Kxg6
Ng3 66. Kg5 Kxa5 67. Kh4 Ne2 1/2-1/2

[Event "Olomouc 2010 - IM3 Ave-Kontakt Cup"]
[Site "Olomouc (CZE), Hotel Sigma"]
[Date "2010.08.05"]
[Round "2"]
[White "Jurek, Josef"]
[Black "Mukashev, Assan"]
[Result "1-0"]
[WhiteElo "2352"]
[BlackElo "2116"]
[PlyCount "93"]
[EventDate "2010.08.04"]

1. c4 c5 2. Nf3 Nf6 3. g3 Nc6 4. Bg2 d5 5. cxd5 Nxd5 6. Nc3 Nc7 7. O-O e5 8. d3
Be7 9. Nd2 Bd7 10. Nc4 O-O 11. Bxc6 Bxc6 12. Nxe5 Be8 13. e4 f6 14. Nc4 b5 15.
Ne3 Bc6 16. Nf5 Kh8 17. Be3 Ne6 18. Rc1 Qd7 19. Nd5 Bd8 20. Bxc5 Bxd5 21. Bxf8
Nxf8 22. Nxg7 Bxa2 23. Nf5 Be6 24. Qf3 Bb6 25. d4 Rd8 26. Rfd1 Ng6 27. Ne3 Bxd4
28. Rxd4 Qxd4 29. Rd1 Nh4 30. Qh5 Qb6 31. Qxh4 Rxd1+ 32. Nxd1 Qd4 33. Ne3 Qxb2
34. Nd5 Kg7 35. Kg2 Qe5 36. Ne3 b4 37. Nf5+ Bxf5 38. exf5 a5 39. Qg4+ Kh8 40.
Qf3 Qb8 41. Qc6 Qf8 42. Qb5 Qd8 43. g4 Qd4 44. Qe8+ Kg7 45. Qe7+ Kh6 46. f4
Qd5+ 47. Kg3 1-0

[Event "Olomouc 2010 - IM3 Ave-Kontakt Cup"]
[Site "Olomouc (CZE), Hotel Sigma"]
[Date "2010.08.06"]
[Round "3"]
[White "Chlost, Marlena"]
[Black "Chetverik, Maxim"]
[Result "0-1"]
[WhiteElo "2163"]
[BlackElo "2330"]
[PlyCount "76"]
[EventDate "2010.08.04"]

1. e4 Nf6 2. e5 Nd5 3. d4 d6 4. c4 Nb6 5. exd6 cxd6 6. Nc3 g6 7. Be3 Bg7 8. Rc1
O-O 9. b3 Bf5 10. Be2 d5 11. c5 Nc8 12. Bf3 Nc6 13. Bxd5 e5 14. Bxc6 bxc6 15.
dxe5 Qa5 16. b4 Qxb4 17. Qd4 a5 18. Nf3 Ne7 19. O-O Rfd8 20. Qf4 Rd3 21. Qg5
Re8 22. Ne2 h6 23. Qg3 Nd5 24. Rb1 Qa4 25. Ned4 Rxd4 26. Bxd4 Bxb1 27. Rxb1
Qxa2 28. Ra1 Rb8 29. h4 Rb1+ 30. Rxb1 Qxb1+ 31. Kh2 Qe4 32. Qh3 Qf4+ 33. Kg1
Qf5 34. Qxf5 gxf5 35. Nd2 Nf4 36. Be3 Ne6 37. Nc4 f4 38. Bd2 a4 0-1

[Event "Olomouc 2010 - IM3 Ave-Kontakt Cup"]
[Site "Olomouc (CZE), Hotel Sigma"]
[Date "2010.08.06"]
[Round "3"]
[White "Matuszewski, Michal"]
[Black "Brodowski, Piotr"]
[Result "1/2-1/2"]
[WhiteElo "2317"]
[BlackElo "2421"]
[PlyCount "80"]
[EventDate "2010.08.04"]

1. d4 g6 2. c4 Bg7 3. Nf3 c5 4. d5 f5 5. Nc3 Bxc3+ 6. bxc3 d6 7. Qd3 Nf6 8. Bh6
Nbd7 9. h3 Qa5 10. g4 b5 11. cxb5 Bb7 12. gxf5 Bxd5 13. fxg6 hxg6 14. Bd2 Be4
15. Qc4 d5 16. Qb3 c4 17. Qb4 Qxb4 18. cxb4 d4 19. Bg2 c3 20. Bg5 Rh5 21. h4
Nh7 22. Rg1 Nxg5 23. hxg5 Nb6 24. O-O-O Rd8 25. Nxd4 c2 26. Bxe4 cxd1=Q+ 27.
Rxd1 Rxg5 28. Kc2 Rd6 29. Nf3 Rg4 30. Bc6+ Kf8 31. Rxd6 exd6 32. Kb3 Ke7 33. a4
Kd8 34. a5 Nc8 35. Nd2 Kc7 36. Nc4 Rd4 37. Ne3 Ne7 38. Bf3 Rf4 39. Ng2 Rf5 40.
Kc4 g5 1/2-1/2

[Event "Olomouc 2010 - IM3 Ave-Kontakt Cup"]
[Site "Olomouc (CZE), Hotel Sigma"]
[Date "2010.08.06"]
[Round "3"]
[White "Mukashev, Assan"]
[Black "Biolek, Richard"]
[Result "0-1"]
[WhiteElo "2116"]
[BlackElo "2441"]
[PlyCount "67"]
[EventDate "2010.08.04"]

1. d4 d6 2. g3 e5 3. Bg2 exd4 4. Qxd4 Nf6 5. c4 Nc6 6. Qd3 g6 7. Bg5 Bg7 8. Nc3
Ne5 9. Qc2 O-O 10. Nd5 c6 11. Nxf6+ Bxf6 12. Bxf6 Qxf6 13. Nf3 Bg4 14. Nd2 Rfe8
15. Ne4 Qe6 16. b3 Bf5 17. Rc1 d5 18. cxd5 cxd5 19. Nc5 Qe7 20. e4 dxe4 21. O-O
Rac8 22. b4 b6 23. Bxe4 Bxe4 24. Qxe4 bxc5 25. Rfe1 Qf6 26. Kg2 Qc6 27. Rxc5
Qxe4+ 28. Rxe4 Rxc5 29. bxc5 Kf8 30. Ra4 Nc6 31. Rh4 h5 32. Rc4 Re2 33. a4 Ke7
34. h4 0-1

[Event "Olomouc 2010 - IM3 Ave-Kontakt Cup"]
[Site "Olomouc (CZE), Hotel Sigma"]
[Date "2010.08.06"]
[Round "3"]
[White "Yanjindulam, Dulamsuren"]
[Black "Chernyshova, Natalia"]
[Result "1-0"]
[WhiteElo "2224"]
[BlackElo "2019"]
[PlyCount "89"]
[EventDate "2010.08.04"]

1. e4 c6 2. d4 d5 3. exd5 cxd5 4. c4 Nf6 5. Nc3 Nc6 6. Nf3 e6 7. cxd5 Nxd5 8.
Bd3 Be7 9. O-O Nf6 10. a3 h6 11. Re1 a6 12. Be3 O-O 13. Qe2 b5 14. Rad1 Bb7 15.
Ne5 b4 16. Ne4 bxa3 17. bxa3 Nxe4 18. Bxe4 Na5 19. Bxb7 Nxb7 20. d5 exd5 21.
Bxh6 Bf6 22. Qg4 Nc5 23. Nf3 Qc8 24. Qf4 Ne6 25. Qg3 Qc3 26. Rxd5 Rfd8 27. Bd2
Qxa3 28. Rh5 Rd3 29. Qg4 Qd6 30. Qe4 Rb8 31. Bf4 Qxf4 32. Qh7+ Kf8 33. Qxd3 g6
34. g3 Qa4 35. Qd6+ Kg7 36. Qxb8 gxh5 37. Qb7 Qc4 38. Kg2 Nd4 39. Ne5 Qe6 40.
Qe4 Nb5 41. h3 Nd6 42. Qe2 Nf5 43. Qc4 Qe7 44. Qd5 Nd6 45. Nf3 1-0

[Event "Olomouc 2010 - IM3 Ave-Kontakt Cup"]
[Site "Olomouc (CZE), Hotel Sigma"]
[Date "2010.08.07"]
[Round "4"]
[White "Biolek, Richard"]
[Black "Vrana, Jan"]
[Result "1-0"]
[WhiteElo "2441"]
[BlackElo "2346"]
[PlyCount "85"]
[EventDate "2010.08.04"]

1. e4 e5 2. Nf3 Nf6 3. Nc3 Nc6 4. g3 d5 5. exd5 Nxd5 6. Bg2 Nxc3 7. bxc3 Bc5 8.
O-O O-O 9. d3 Re8 10. Be3 Bb6 11. Re1 f6 12. Nd2 Be6 13. Ne4 Rb8 14. a4 Ne7 15.
a5 Bxe3 16. fxe3 Bd5 17. c4 Bxe4 18. Bxe4 f5 19. Bg2 Ng6 20. a6 b6 21. Qh5 Rf8
22. Rf1 Ne7 23. g4 g6 24. Qg5 Kg7 25. gxf5 Nxf5 26. Qxd8 Rbxd8 27. Rae1 Nd6 28.
Bc6 Rxf1+ 29. Kxf1 e4 30. Ke2 Rf8 31. Bxe4 Nxe4 32. dxe4 Kf6 33. Rf1+ Ke7 34.
Rxf8 Kxf8 35. Kf3 Kf7 36. Kf4 h6 37. Ke5 Ke7 38. c3 Kf7 39. Kd5 g5 40. Ke5 Kg6
41. Ke6 g4 42. e5 h5 43. Kd7 1-0

[Event "Olomouc 2010 - IM3 Ave-Kontakt Cup"]
[Site "Olomouc (CZE), Hotel Sigma"]
[Date "2010.08.07"]
[Round "4"]
[White "Brodowski, Piotr"]
[Black "Chlost, Marlena"]
[Result "1-0"]
[WhiteElo "2421"]
[BlackElo "2163"]
[PlyCount "77"]
[EventDate "2010.08.04"]

1. d4 d5 2. c4 e6 3. Nc3 c5 4. cxd5 exd5 5. Nf3 Nc6 6. g3 Nf6 7. Bg2 Be7 8. O-O
O-O 9. dxc5 Bxc5 10. Bg5 d4 11. Bxf6 Qxf6 12. Nd5 Qd8 13. Nd2 a6 14. Rc1 Ba7
15. Nf4 Bg4 16. h3 Bf5 17. Qb3 Rb8 18. Qa3 Ne5 19. Nb3 Bd7 20. Nc5 Bc6 21. Bxc6
bxc6 22. Ncd3 Nxd3 23. Nxd3 Rb6 24. Qa5 Qc8 25. Qh5 Rb5 26. Qg4 Qb7 27. Qf3 Rc8
28. Rc2 Qd7 29. Rfc1 Rf5 30. Rxc6 Re8 31. Rc7 Qxc7 32. Rxc7 Rxf3 33. exf3 Ra8
34. Rc6 Rb8 35. Rxa6 Bb6 36. Ra4 Rc8 37. Rb4 Ba7 38. Rb7 Bb8 39. Rd7 1-0

[Event "Olomouc 2010 - IM3 Ave-Kontakt Cup"]
[Site "Olomouc (CZE), Hotel Sigma"]
[Date "2010.08.07"]
[Round "4"]
[White "Chernyshova, Natalia"]
[Black "Jurek, Josef"]
[Result "0-1"]
[WhiteElo "2019"]
[BlackElo "2352"]
[PlyCount "34"]
[EventDate "2010.08.04"]

1. d4 c5 2. d5 g6 3. c4 Bg7 4. Qc2 Nf6 5. e4 O-O 6. Be2 e6 7. Nf3 exd5 8. exd5
d6 9. O-O b5 10. cxb5 Nxd5 11. Nc3 Bf5 12. Bd3 Nb4 13. Qd2 Bxd3 14. Rd1 Bc2 15.
Rf1 Bf5 16. Nd5 Nc2 17. Rb1 Nd4 0-1

[Event "Olomouc 2010 - IM3 Ave-Kontakt Cup"]
[Site "Olomouc (CZE), Hotel Sigma"]
[Date "2010.08.07"]
[Round "4"]
[White "Chetverik, Maxim"]
[Black "Mukashev, Assan"]
[Result "1/2-1/2"]
[WhiteElo "2330"]
[BlackElo "2116"]
[PlyCount "36"]
[EventDate "2010.08.04"]

1. d4 d5 2. c4 c6 3. cxd5 cxd5 4. Bf4 Nc6 5. e3 Nf6 6. Nc3 a6 7. Bd3 Bg4 8.
Nge2 Bh5 9. Bg5 e6 10. O-O Be7 11. Bxf6 Bxf6 12. Na4 O-O 13. Rc1 e5 14. Nc5
exd4 15. Nxb7 Qe7 16. Rxc6 Qxb7 17. Rc2 dxe3 18. fxe3 Qb6 1/2-1/2

[Event "Olomouc 2010 - IM3 Ave-Kontakt Cup"]
[Site "Olomouc (CZE), Hotel Sigma"]
[Date "2010.08.07"]
[Round "4"]
[White "Yanjindulam, Dulamsuren"]
[Black "Matuszewski, Michal"]
[Result "0-1"]
[WhiteElo "2224"]
[BlackElo "2317"]
[PlyCount "147"]
[EventDate "2010.08.04"]

1. e4 c5 2. c3 d6 3. d4 Nd7 4. Nf3 g6 5. Bd3 Bg7 6. Nbd2 a6 7. a4 Qc7 8. O-O b6
9. Re1 Bb7 10. Qb3 e6 11. Nc4 Ne7 12. Bf4 e5 13. dxe5 dxe5 14. Bg5 Nc6 15. Ne3
h6 16. Bh4 O-O 17. Nd5 Qd6 18. Qc2 g5 19. Bg3 Na5 20. Ne3 Qe6 21. Rad1 Rfd8 22.
Nf5 c4 23. Bf1 Bf8 24. Rxd7 Qxd7 25. Bxe5 Qe6 26. Bc7 Re8 27. e5 Bxf3 28. gxf3
Qg6 29. b4 cxb3 30. Qb1 Nb7 31. Bd3 Qc6 32. Bd6 Nxd6 33. exd6 Qxc3 34. Be4 Rad8
35. Re3 Qf6 36. Qxb3 Bxd6 37. Nxd6 Qxd6 38. Kg2 Qf6 39. Rc3 Rc8 40. Rd3 Red8
41. Re3 Rc1 42. Bd5 Kg7 43. Bxf7 Rdd1 44. Bh5 g4 45. fxg4 Rg1+ 46. Kh3 Rc7 47.
Rf3 Qc6 48. Qa3 Rc1 49. Qf8+ Kh7 50. Qf5+ Kh8 51. Bg6 Qd6 52. Qe4 R1c3 53. Rxc3
Rxc3+ 54. f3 Kg7 55. Bf5 b5 56. axb5 axb5 57. Qb7+ Kf6 58. Be4 b4 59. Qh7 Ke5
60. Qh8+ Kf4 61. Qg7 Ke3 62. Qa7+ Qc5 63. Qa6 Kf2 64. Qa2+ Ke1 65. Qb1+ Rc1 66.
Qa2 Qe3 67. Qb2 Qd2 68. Qb3 Kf1 69. Bd3+ Kg1 70. g5 Qg2+ 71. Kh4 Qxg5+ 72. Kh3
Qg2+ 73. Kh4 Kxh2 74. Bf5 0-1

[Event "Olomouc 2010 - IM3 Ave-Kontakt Cup"]
[Site "Olomouc (CZE), Hotel Sigma"]
[Date "2010.08.08"]
[Round "5"]
[White "Chlost, Marlena"]
[Black "Yanjindulam, Dulamsuren"]
[Result "0-1"]
[WhiteElo "2163"]
[BlackElo "2224"]
[PlyCount "98"]
[EventDate "2010.08.04"]

1. e4 e5 2. Nf3 Nc6 3. Bb5 a6 4. Ba4 Nf6 5. O-O Be7 6. Re1 b5 7. Bb3 d6 8. c3
O-O 9. h3 Na5 10. Bc2 c5 11. d3 Re8 12. a4 b4 13. cxb4 cxb4 14. Nbd2 Rb8 15. b3
Bf8 16. Bb2 Bb7 17. Nc4 Rc8 18. Qd2 Nc6 19. Rad1 Qc7 20. Ne3 h6 21. Rc1 Ba8 22.
Bb1 Qb7 23. Nc4 Rcd8 24. Re2 Nh5 25. Qe3 Nf4 26. Rec2 Ne6 27. Nb6 Na5 28. Nd2
Be7 29. Nbc4 Nc6 30. Nf3 Bf6 31. Qb6 Qxb6 32. Nxb6 Na5 33. Ba2 Nc5 34. Rxc5
dxc5 35. Rxc5 Nb7 36. Rc7 Nd6 37. Rc5 Nxe4 38. dxe4 Bxe4 39. Nc4 Rd1+ 40. Kh2
Bxf3 41. gxf3 Bg5 42. Rc6 a5 43. Kg2 Re1 44. Rd6 Bf4 45. Nxa5 e4 46. Rd4 e3 47.
fxe3 R8xe3 48. Rxf4 R3e2+ 49. Kg3 Rg1+ 0-1

[Event "Olomouc 2010 - IM3 Ave-Kontakt Cup"]
[Site "Olomouc (CZE), Hotel Sigma"]
[Date "2010.08.08"]
[Round "5"]
[White "Jurek, Josef"]
[Black "Biolek, Richard"]
[Result "1/2-1/2"]
[WhiteElo "2352"]
[BlackElo "2441"]
[PlyCount "22"]
[EventDate "2010.08.04"]

1. d4 Nf6 2. c4 c5 3. Nf3 cxd4 4. Nxd4 Nc6 5. Nc3 g6 6. e4 Bg7 7. Be3 O-O 8.
Be2 d6 9. O-O Bd7 10. f3 Nxd4 11. Bxd4 Bc6 1/2-1/2

[Event "Olomouc 2010 - IM3 Ave-Kontakt Cup"]
[Site "Olomouc (CZE), Hotel Sigma"]
[Date "2010.08.08"]
[Round "5"]
[White "Matuszewski, Michal"]
[Black "Chernyshova, Natalia"]
[Result "1/2-1/2"]
[WhiteElo "2317"]
[BlackElo "2019"]
[PlyCount "138"]
[EventDate "2010.08.04"]

1. d4 Nf6 2. Nf3 e6 3. Bg5 d5 4. e3 Be7 5. Bd3 Nbd7 6. O-O h6 7. Bh4 O-O 8. b3
b6 9. c4 Bb7 10. Nc3 Ne4 11. Bxe7 Qxe7 12. Rc1 Ndf6 13. Ne5 c5 14. Ne2 cxd4 15.
exd4 Nd7 16. cxd5 Nxe5 17. Bxe4 exd5 18. Bb1 Ng4 19. Qd3 Nf6 20. Ng3 g6 21. h4
h5 22. Rfe1 Qd6 23. Re5 Ne4 24. Re1 f6 25. Nxe4 dxe4 26. Qc4+ Kg7 27. Re6 Qd7
28. Bxe4 Bxe4 29. R6xe4 Rf7 30. d5 Rc8 31. Qd4 Rd8 32. Rd1 Re7 33. d6 Rxe4 34.
Qxe4 Re8 35. Qc4 Rc8 36. Qd3 Rd8 37. g3 Qe6 38. Qd4 Kf7 39. Rd3 Rd7 40. a4 Rd8
41. b4 Qe5 42. Qc4+ Qe6 43. Qc6 f5 44. Rd4 Kf6 45. b5 Rd7 46. Qc3 Qe5 47. f4
Qc5 48. Qxc5 bxc5 49. Rd5 Ke6 50. Rxc5 Rxd6 51. Kf2 Rd2+ 52. Ke3 Ra2 53. Rc6+
Kd5 54. Rxg6 Rxa4 55. b6 Ra3+ 56. Kf2 axb6 57. Rxb6 Ra2+ 58. Kf3 Ra3+ 59. Kf2
Ra2+ 60. Ke1 Ke4 61. Rf6 Kf3 62. Rxf5 Rg2 63. Rxh5 Rxg3 64. Rf5 Rh3 65. Rf8
Rxh4 66. f5 Kf4 67. Ke2 Rh5 68. f6 Kf5 69. Ke3 Rh6 1/2-1/2

[Event "Olomouc 2010 - IM3 Ave-Kontakt Cup"]
[Site "Olomouc (CZE), Hotel Sigma"]
[Date "2010.08.08"]
[Round "5"]
[White "Mukashev, Assan"]
[Black "Brodowski, Piotr"]
[Result "1/2-1/2"]
[WhiteElo "2116"]
[BlackElo "2421"]
[PlyCount "81"]
[EventDate "2010.08.04"]

1. d4 c5 2. d5 d6 3. e4 Nf6 4. Nc3 g6 5. Bb5+ Bd7 6. a4 Bg7 7. Nf3 O-O 8. O-O
Bxb5 9. axb5 Nbd7 10. Qe2 Nb6 11. Rd1 Ne8 12. Bf4 Nc7 13. e5 f6 14. exd6 exd6
15. Na4 Nxa4 16. Rxa4 Qd7 17. c4 a6 18. Rda1 Rae8 19. Qd3 axb5 20. cxb5 Nxb5
21. Ra5 Nc7 22. Ra7 Rb8 23. Qb3 b6 24. Nd2 g5 25. Be3 Rf7 26. R1a6 Qe8 27. Nc4
Nxa6 28. Nxd6 Rxa7 29. Nxe8 Nb4 30. d6+ Kh8 31. h4 Rxe8 32. hxg5 fxg5 33. Bxg5
Be5 34. f4 Bd4+ 35. Kh2 Re1 36. Qh3 Bg1+ 37. Kh1 Be3+ 38. Kh2 Bg1+ 39. Kh1 Bd4+
40. Kh2 Bg1+ 41. Kh1 1/2-1/2

[Event "Olomouc 2010 - IM3 Ave-Kontakt Cup"]
[Site "Olomouc (CZE), Hotel Sigma"]
[Date "2010.08.08"]
[Round "5"]
[White "Vrana, Jan"]
[Black "Chetverik, Maxim"]
[Result "1/2-1/2"]
[WhiteElo "2346"]
[BlackElo "2330"]
[PlyCount "95"]
[EventDate "2010.08.04"]

1. e4 Nf6 2. Nc3 d5 3. e5 Ne4 4. Nce2 f6 5. d3 Ng5 6. f4 Nf7 7. d4 c5 8. c3 Nc6
9. Be3 cxd4 10. cxd4 fxe5 11. fxe5 e6 12. Nf3 Qb6 13. Qd2 Be7 14. Nc3 Bd7 15.
Bd3 O-O-O 16. O-O g5 17. Rac1 Kb8 18. Na4 Qb4 19. Nc5 g4 20. Ne1 Qxd2 21. Bxd2
Ng5 22. Be3 Rhg8 23. Be2 Bxc5 24. Rxc5 Ne4 25. Rc1 Ne7 26. g3 Nf5 27. Ng2 h5
28. Bd3 Nxe3 29. Nxe3 Nd2 30. Rf4 Nf3+ 31. Kg2 Rgf8 32. h3 Rxf4 33. gxf4 Nxd4
34. hxg4 hxg4 35. Nxg4 Rg8 36. Kh3 Rh8+ 37. Kg3 Bb5 38. Bxb5 Nxb5 39. Rd1 a5
40. Nf6 Na7 41. f5 exf5 42. e6 Nc6 43. Nxd5 Rd8 44. Kf4 Ne7 45. Ne3 Rxd1 46.
Nxd1 Kc7 47. Ke5 f4 48. Kxf4 1/2-1/2